[Event "Asia-ch U20"]
[Site "Vung Tau"]
[Date "1999.09.24"]
[Round "10"]
[White "Bakre, Tejas"]
[Black "Irnandi, Irwin"]
[Result "1-0"]
[WhiteElo "2361"]
[BlackElo "2235"]
[PlyCount "51"]
[EventDate "1999.09.02"]
[EventType "swiss"]
[EventRounds "11"]
[EventCountry "VIE"]
[SourceTitle "CBM 072 Extra"]
[Source "ChessBase"]
[SourceDate "1999.11.18"]
[SourceVersion "1"]
[SourceVersionDate "1999.11.18"]
[SourceQuality "1"]

1. e4 c5 2. Nf3 d6 3. d4 cxd4 4. Nxd4 Nf6 5. Nc3 g6 6. Be3 Bg7 7. f3 0-0 8. Qd2 Nc6 9. 0-0-0 Bd7 10. g4 Ne5 11. h4 Qa5 12. h5 Rac8 13. Kb1 Nc4 14. Bxc4 Rxc4 15. Nb3 Qe5 16. Bd4 Qe6 17. Qh2 Rfc8 18. hxg6 hxg6 19. Rd2 Ba4 20. Nd5 Bxb3 21. Nxf6+ exf6 22. axb3 R4c6 23. g5 Kf8 24. Qh7 Rc5 25. f4 R8c6 26. Rdh2 1-0